000 01378nab a22002897a 4500
999 _c6383
_d6383
003 OSt
005 20260201154300.0
008 190506c xxu||||| |||| 00| 0 spa d
040 _cPJ
100 _95205
_aChartzman Birenbaum, Alberto D.
245 1 3 _aLos límites de la digitalización en las relaciones laborales /
_bAlberto Chartzman Birenbaum.
260 _aBuenos Aires :
_bAbeledoPerrot,
_c2023.
300 _ap. 3-12
500 _aCita: TR LALEY AR/DOC/1709/2023
505 _aSumario: I. Introducción.— II. El futuro del trabajo en la era post COVID-19.— III. El trabajo decente crucial para el desarrollo sostenible.— IV. Los límites en la digitalización de las relaciones laborales.— V. Hacia el nuevo paradigma laboral.— VI. Conclusiones.— VII. Bibliografía de consulta.
505 _t¿Te interesa el texto completo? Comunicate al correo: koha@justierradelfuego.gov.ar
650 0 _91316
_aDERECHO LABORAL
650 0 _9281
_aINTERNET
650 0 _95817
_aINTELIGENCIA ARTIFICIAL
650 0 _9273
_aDERECHO INFORMATICO
650 0 _91323
_aCONTRATO DE TRABAJO
650 0 _91319
_aCONDICIONES DE TRABAJO
650 0 _91318
_aREMUNERACION
650 0 _91803
_aRELACIONES LABORALES
773 0 _02751
_93202
_dBuenos Aires : AbeledoPerrot, 2013-
_tRevista de derecho laboral y seguridad social. Nº 17 - Septiembre 2023
942 _2udc
_cANA